| 000 | 00753nam a22002295a 4500 | ||
|---|---|---|---|
| 005 | 20201128021528.0 | ||
| 008 | 150823r20141997ii a fr 000 0 eng d | ||
| 020 | _a9788123916682 | ||
| 040 |
_aEG-ScBUE _beng _cEG-ScBUE |
||
| 082 | 0 | 4 |
_222 _a616.0252 _bYAL |
| 100 | 1 |
_aYalayyaswamy, N. N. _938720 |
|
| 245 | 1 | 0 |
_aFirst aid and emergency nursing / _cN. N. Yalayyaswamy. |
| 250 | _a1st ed., Reprint ed. | ||
| 260 |
_aNew Delhi : _bCBS Publishers & Distributors PVT. LTD., _c2014. |
||
| 300 |
_a188 p. : _bill. ; _c17 cm. |
||
| 500 | _aReprinted of the 1997 ed. | ||
| 650 | 7 |
_2BUEsh _92173 _a Emergency nursing. |
|
| 650 | 7 |
_920460 _aFirst aid in illness and injury. _2BUEsh |
|
| 651 | _2BUEsh | ||
| 653 |
_bNNUR _cAugust2015 _cNovember2015 |
||
| 942 | _2ddc | ||
| 999 |
_c20666 _d20638 |
||